| 000 | 00695nam a2200217Ia 4500 | ||
|---|---|---|---|
| 003 | IT-RoPAU | ||
| 005 | 20220918175624.0 | ||
| 008 | 120407s9999 xx 000 0 und d | ||
| 040 |
_aIT-RoPAU _c20130320103710.0 |
||
| 040 | _cIT-RoPAU | ||
| 041 | _aita | ||
| 100 |
_aCapitolo Generale Speciale _9471 |
||
| 245 | _aDocumenti Capitolari | ||
| 250 | _a1° ed | ||
| 260 |
_aRoma _bCasa Generalizia PSSP _c1971 |
||
| 300 |
_c21 cm _a358 pp. |
||
| 490 | _aEdizioni Paoline | ||
| 520 | _aIndice generale Presentazione Sigle Sommario generale Fine e Membri La nostra vita apostolica La comunità paolina Formazione integrale Il governo e l'amministrazione | ||
| 942 |
_cBK _2ddc |
||
| 999 |
_c21891 _d21891 |
||